| 000 | 01592 a2200241 4500 | ||
|---|---|---|---|
| 003 | Nust | ||
| 005 | 20230815142355.0 | ||
| 010 | _a 00055012 | ||
| 020 | _a0071356045 | ||
| 040 | _cNust | ||
| 082 | 0 | 0 | _a621.3827,CHO |
| 100 | 1 |
_aChomycz, Bob. _9105723 |
|
| 245 | 1 | 0 |
_aFiber optic installer's field manual / _cBob Chomycz. |
| 260 |
_aNew York : _bMcGraw Hill, _c2000. |
||
| 300 |
_axi, 307 p. : _bill. ; _c21 cm. |
||
| 505 | _aIntroduction (Page-1), Properties of Light (Page-13), Optical Fiber Cables (Page-41), Cable Procurement (Page-57), Safety Precautions (Page-61), Handling Fiber Optic Cable (Page-65), Outdoor Cable Installation (Page-69), Indoor Cable Installation (Page-87), Splicing and Termination (Page-97), Patch Cords and Connectors (Page-116), Power Meter Test Procedure (Page-123), The OTDR and OSA (Page-137), Fiber Installation Tests (Page-147), Lightwave Equipment (Page-155), SONET / SDH (Page-183), LAN (Page-195), Fiber Systems Deployment (Page-201), Maintenance (Page-209), Emergency Cable Repair (Page-211),Records (Page-217), Troubleshooting (Page-219), Fiber Design Fundamentals (Page-221), Personnel (Page-243), Dark Fiber Leasing (Page-247). | ||
| 650 | 0 |
_aFiber optics _xEquipment and supplies _xInstallation _9105724 |
|
| 650 | 0 |
_aOptical communications _xEquipment and supplies _xInstallation _9105725 |
|
| 650 | 0 |
_aOptical communications _xFieldwork _9105726 |
|
| 856 | 4 | 2 |
_3Publisher description _uhttp://www.loc.gov/catdir/description/mh021/00055012.html |
| 856 | 4 | 2 |
_3Table of contents _uhttp://www.loc.gov/catdir/toc/mh021/00055012.html |
| 942 |
_2ddc _cBK |
||
| 999 |
_c182930 _d182930 |
||